Holiday Quiz

Random Holiday or Halloween Quiz

Famous Faces by Carved Pumpkin Quiz Stats

Quiz Updated Nov 1, 2014

Challenge
Share
Tweet
Score 0/25 Timer 06:00
9 Plays Today
% Correct
Mickey Mouse
98.9%
Homer Simpson
96.6%
Mario
95.7%
SpongeBob SquarePants
95.4%
Barack Obama
95%
Darth Vader
94.8%
Snow White
94.6%
Harry Potter
94.3%
Shrek
93.6%
Scooby-Doo
93%
Captain Jack Sparrow
91.9%
The Joker
91.6%
Michael Jackson
91.5%
% Correct
Woody
91.5%
Spiderman
89.4%
Eeyore
87.4%
Iron Man
82.8%
Freddy Krueger
82.2%
Pikachu
81%
Jay Leno
80.3%
Mike Wazowski
75%
Gollum
71%
Kanye West
66.3%
Jack Torrance
57.8%
Jack Skellington
43%

You're not logged in!

Compare scores with friends on all Sporcle quizzes.
Sign Up with Email
OR
Log In

You Might Also Like...

Show Comments

Extras

Top Quizzes Today


Score Distribution

Your Account Isn't Verified!

In order to create a playlist on Sporcle, you need to verify the email address you used during registration. Go to your Sporcle Settings to finish the process.

Report this User

Report this user for behavior that violates our Community Guidelines.

Details: